MARC details
| 000 -CABECERA |
| campo de control de longitud fija |
02553nab a2200265 ab4500 |
| 005 - FECHA Y HORA DE LA ÚLTIMA TRANSACCIÓN |
| campo de control |
20260219154104.0 |
| 008 - ELEMENTOS DE LONGITUD FIJA--INFORMACIÓN GENERAL |
| campo de control de longitud fija |
251016c2024 cl fr p#o# #00| spa d |
| 003 - IDENTIFICADOR DEL NÚMERO DE CONTROL |
| campo de control |
|
| 040 ## - FUENTE DE LA CATALOGACIÓN |
| Centro catalogador/agencia de origen |
MX-MxUPN |
| Lengua de catalogación |
spa |
| Centro/agencia transcriptor |
MX-MxUPN |
| Normas de descripción |
aacr2 |
| 100 1# - ASIENTO PRINCIPAL--NOMBRE PERSONAL |
| Nombre de persona |
Mendoza-Pérez, Juan Carlos |
| 100 1# - ASIENTO PRINCIPAL--NOMBRE PERSONAL |
| Nombre de persona |
Vega-Cauich, Julio Isaac |
| 100 1# - ASIENTO PRINCIPAL--NOMBRE PERSONAL |
| Nombre de persona |
López-Barrientos, Héctor Alexis |
| 245 1# - MENCIÓN DE TÍTULO |
| Título |
Salud Mental entre las Poblaciones LGBT+ de México durante la Pandemia de COVID-19 |
| Medio |
[recurso electrónico en línea] |
| 506 0# - NOTA DE RESTRICCIONES AL ACCESO |
| Limitaciones de acceso |
Acceso abierto |
| 520 3# - NOTA DE RESUMEN, ETC. |
| Sumario, etc. |
Las personas de la disidencia sexual en México enfrentan retos en salud mental ante la discriminación por orientación sexual o identidad de género. El confinamiento por la COVID-19 repercutió en su salud mental, por lo que este estudio analizó las diferencias en afectaciones psicosociales y en salud mental entre las poblaciones LGBT+ en México en este contexto. Método: Estudio transversal y no probabilístico, con la participación de 1,525 personas LGBT+. Por medio de un cuestionario, se exploró el impacto psicosocial de la COVID-19 comparando cuatro grupos: hombres gay y bisexuales (HGB), mujeres lesbianas y bisexuales (MLB), personas transgénero y de otras identidades de género no normativas (TIN) y personas de otras identidades sexuales no normativas (ISN). Resultados: Las áreas con mayor afectación psicosocial por la COVID-19 fueron la afectación en la vida, la limitación para hacer actividades, el aislamiento de amigos/as LGBT+ y cis-heterosexuales, el miedo a la COVID-19 y la incomodidad en el hogar. Realizando análisis de varianza y covarianza, los HGB presentaron diferencias con los otros grupos al reflejar menores afectaciones. A través de modelos de regresión logística se mostró que la probabilidad de ideación suicida era mayor en MLB, TIN e ISN, comparado con los HGB. Las personas TIN tuvieron mayor probabilidad de presentar intento suicida que los HGB, incluso después de ajustar por variables de control. Conclusiones: La pandemia por la COVID-19 impactó en áreas que trascienden lo biológico, pues el aislamiento social evidenció afectaciones a la salud mental de la población LGBT+. |
| Fuente proveedora |
Psykhe |
| 650 #4 - ASIENTO SECUNDARIO DE MATERIA - TERMINO TEMATICO |
| Término de materia o nombre geográfico como elemento de entrada |
Salud mental |
| 9 (RLIN) |
22888 |
| 653 ## - TERMINO DE INDIZACION - NO CONTROLADO |
| Término no controlado |
LGBTIQ+ |
| 653 ## - TERMINO DE INDIZACION - NO CONTROLADO |
| Término no controlado |
COVID 19 |
| 653 ## - TERMINO DE INDIZACION - NO CONTROLADO |
| Término no controlado |
Pandemia |
| 773 ## - ENLACE AL DOCUMENTO FUENTE/ENTRADA DE REGISTRO ANFITRIÓN |
| Parte(s) relacionada(s) |
Vol. 33, no. 2, (2024), p. 1-15 |
| Título |
Psykhe |
| Número Internacional Normalizado para Publicaciones Seriadas |
0718-2228 |
| 856 4# - LOCALIZACIÓN Y ACCESO ELECTRÓNICOS |
| Identificador Uniforme del Recurso |
<a href="https://ojs.uc.cl/index.php/psykhe/article/view/50679">https://ojs.uc.cl/index.php/psykhe/article/view/50679</a> |
| 856 4# - LOCALIZACIÓN Y ACCESO ELECTRÓNICOS |
| Identificador Uniforme del Recurso |
<a href="https://ojs.uc.cl/index.php/psykhe/article/view/50679/63016">https://ojs.uc.cl/index.php/psykhe/article/view/50679/63016</a> |
| 902 ## - ELEMENTOS DE DATOS B LOCAL, LDB (RLIN) |
| Creó |
Leonor Sotres/190226 |
| 942 ## - ELEMENTOS DE PUNTO DE ACCESO ADICIONAL (KOHA) |
| Tipo de ítem Koha |
Artículo Electrónico |